| 000 | 00346 a2200109 4500 | ||
|---|---|---|---|
| 001 | ART_6791 | ||
| 005 | 20260410161719.0 | ||
| 008 | 260409a | ||
| 245 | 1 | 0 | _aInformación , Teoría Científica y Normas Contables |
| 100 | 1 | _aLópes de Sa, Antonio | |
| 773 | 0 |
_tContabilidad y auditoría _g- Año 3, Nº 6 (oct. 1997) _wREV1723 |
|
| 999 |
_c16806 _d16806 |
||